000 00326pab a2200145 454500
008 180718b2005 xxu||||| |||| 00| 0 eng d
100 _aVerghese, B.G.
245 _aThe Indus water treaty (IWT)
260 _c2005
300 _ap.428-37.
362 _aJul-Sep
650 _aWater
773 _aUSI Journal
909 _a67590
999 _c67590
_d67590